Statistiques concernant Tous les Jeux Mario DS

Cliquez ici pour prendre le quiz!

Statistiques générales

  • Ce quiz a été pris 42 fois
    (37 depuis la dernière actualisation)
  • Le résultat moyen est 4 sur 11

Statistiques - réponses

Date sortieNom% Correct
11/2005Mario Kart DS
86%
06/2006New Super Mario Bros.
86%
11/2007Mario Party DS
57%
03/2005Super Mario 64 DS
57%
02/2008Mario et Sonic aux Jeux Olympiques
39%
16/10/2009Mario et Sonic aux Jeux Olympiques d'hiver
32%
02/2007Mario Slam Basketball
29%
03/2007Mario Vs Donkey Kong 2 : La marche des minis
7%
02/2011Mario vs. Donkey Kong : Pagaille à Mini-Land !
7%
01/2006Mario et Luigi 2 : Les Frères du Temps
4%
09/10/2009Mario et Luigi 3 : Voyage au Centre de Bowser
4%

Distribution des résultats

Percentile par nombre de réponses

% des personnes avec chaque résultat

Votre développement - résultats

Vous n’avez pas pris ce quiz depuis la dernière actualisation